Best US Presidents - Statistics

General Stats
  • This quiz has been taken 11 times
  • The average score is 13 of 15
Answer Stats
Hint Answer % Correct
11 Barack Obama
100%
13 Bill Clinton
100%
4 Franklin D. Roosevelt
100%
1 George Washington
100%
7 John F. Kennedy
100%
2 Theodore Roosevelt
100%
3 Abraham Lincoln
91%
9 Lyndon B. Johnson
82%
14 Ronald Reagan
82%
8 Thomas Jefferson
82%
5 Dwight D. Eisenhower
73%
10 James Madison
73%
12 James Monroe
73%
6 Harry Truman
64%
15 James K. Polk
64%
No matching quizzes found
Score Distribution
Percent of People with Each Score
Percentile by Number Answered
Your Score History
You have not taken this quiz